| 000 | 00585cam a2200217ua 4500 | ||
|---|---|---|---|
| 005 | 20201201154221.0 | ||
| 008 | 190325n ii |||gr||||Z||||||eng | ||
| 020 | _a8176800325 | ||
| 040 |
_cMAIN _aIN-DiNC |
||
| 041 | _deng | ||
| 082 |
_a330 _bGOE |
||
| 100 |
_aJ P Goel, _eauthor |
||
| 245 |
_aIntroduction to economics: _ba textbook for class XI/ _cby JP Goel and H Goswami |
||
| 250 |
_a1st ed. _bV.1 |
||
| 260 |
_aDibrugarh: _bTushar publishing house. _c2008 |
||
| 300 | _a504p. | ||
| 650 | _aEconomics | ||
| 653 | _aEconomics | ||
| 700 |
_aGoswami, H _eauthor |
||
| 942 |
_cBK _2ddc |
||
| 999 |
_c9638 _d9638 |
||